000 00505nam a22001697a 4500
005 20231115123345.0
008 231115b |||||||| |||| 00| 0 eng d
020 _a9780702153846
041 _aEnglish
082 _a344.1 PUB
100 _lEnglish
245 _aPublic Service Law Handbook /
_cJUTA AND COMPANY (PTY0 LTD
260 _aCape Town :
_bJuta and Company Ltd,
_c2000
300 _bv, 302 pages ;
_c27 cm.
650 _aLegal practice
_bLaw
942 _cBK
_6ALISON_BN_VRIES
999 _c676
_d676